[Event "CHN-chT2"]
[Site "Jiangmen"]
[Date "2018.07.12"]
[Round "4.1"]
[White "Yu, Ruiyuan1"]
[Black "Hou, Yifan B"]
[Result "1-0"]
[WhiteElo "2500"]
[BlackElo "1838"]
[PlyCount "61"]
[EventDate "2018.07.10"]
[EventType "team-swiss"]
[EventRounds "11"]
[EventCountry "CHN"]
[SourceTitle "EXT 2019"]
[Source "ChessBase"]
[SourceDate "2018.10.10"]
[SourceVersion "1"]
[SourceVersionDate "2018.10.10"]
[SourceQuality "1"]
[WhiteTeam "Jiangsu Chess Academy"]
[BlackTeam "Heilongjiang Chess and Cards"]
[WhiteTeamCountry "CHN"]
[BlackTeamCountry "CHN"]

1. e4 c5 2. Nf3 Nc6 3. d4 cxd4 4. Nxd4 Qc7 5. Nc3 e6 6. Be3 Nf6 7. Qd2 a6 8.
O-O-O Be7 9. f3 b5 10. g4 d6 11. Kb1 Bb7 12. Qf2 Rc8 13. g5 Nd7 14. Rg1 b4 15.
Na4 Nce5 16. h4 Qa5 17. b3 Nc5 18. Nxc5 dxc5 19. Ne2 c4 20. Nd4 cxb3 21. axb3
O-O 22. Bh3 Rc3 23. h5 Bc5 24. g6 fxg6 25. Bxe6+ Kh8 26. hxg6 Bxe4 27. Qh2 Nxg6
28. Rh1 Nh4 29. fxe4 Rxe3 30. Qxh4 h6 31. Nf5 1-0

[Event "CHN-chT2"]
[Site "Jiangmen"]
[Date "2018.07.12"]
[Round "5.3"]
[White "Hou, Yifan B"]
[Black "Deng, Yu Dong Michael"]
[Result "1/2-1/2"]
[WhiteElo "1838"]
[BlackElo "1788"]
[PlyCount "54"]
[EventDate "2018.07.10"]
[EventType "team-swiss"]
[EventRounds "11"]
[EventCountry "CHN"]
[SourceTitle "EXT 2019"]
[Source "ChessBase"]
[SourceDate "2018.10.10"]
[SourceVersion "1"]
[SourceVersionDate "2018.10.10"]
[SourceQuality "1"]
[WhiteTeam "Heilongjiang Chess and Cards"]
[BlackTeam "Hong Kong Chess Association"]
[WhiteTeamCountry "CHN"]
[BlackTeamCountry "CHN"]

1. d4 d5 2. Nf3 Nf6 3. c4 e6 4. g3 Be7 5. Bg2 O-O 6. O-O dxc4 7. Qa4 a6 8. Qxc4
b5 9. Qc2 Bb7 10. Nc3 Nbd7 11. Bf4 c5 12. dxc5 Bxc5 13. Rad1 Qe7 14. a3 e5 15.
Bg5 h6 16. Bxf6 Nxf6 17. Nh4 Bxg2 18. Kxg2 Rac8 19. Nf5 Qb7+ 20. Kg1 Rfd8 21.
Rxd8+ Rxd8 22. Rd1 Rxd1+ 23. Qxd1 Qc8 24. Qc2 e4 25. Nh4 e3 26. f3 Bd4 27. Nf5
Qc5 1/2-1/2

[Event "CHN-chT2"]
[Site "Jiangmen"]
[Date "2018.07.13"]
[Round "6.3"]
[White "Xie, Kaifan"]
[Black "Hou, Yifan B"]
[Result "1/2-1/2"]
[WhiteElo "1768"]
[BlackElo "1838"]
[PlyCount "38"]
[EventDate "2018.07.10"]
[EventType "team-swiss"]
[EventRounds "11"]
[EventCountry "CHN"]
[SourceTitle "EXT 2019"]
[Source "ChessBase"]
[SourceDate "2018.10.10"]
[SourceVersion "1"]
[SourceVersionDate "2018.10.10"]
[SourceQuality "1"]
[WhiteTeam "Wuxi Dongbeitang"]
[BlackTeam "Heilongjiang Chess and Cards"]
[WhiteTeamCountry "CHN"]
[BlackTeamCountry "CHN"]

1. c4 Nf6 2. Nf3 e6 3. g3 b6 4. Bg2 Bb7 5. O-O Be7 6. Nc3 O-O 7. Qc2 d5 8. d4
Nbd7 9. Bf4 c5 10. dxc5 bxc5 11. cxd5 exd5 12. Ne5 Nb6 13. Bf3 Qc8 14. Na4 Re8
15. Rac1 Bd6 16. Nd3 Bxf4 17. Nxf4 Nxa4 18. Qxa4 d4 19. Qa3 Nd7 1/2-1/2

[Event "CHN-chT2"]
[Site "Jiangmen"]
[Date "2018.07.14"]
[Round "7.2"]
[White "Chen, Fan"]
[Black "Hou, Yifan B"]
[Result "1/2-1/2"]
[WhiteElo "2367"]
[BlackElo "1838"]
[PlyCount "61"]
[EventDate "2018.07.10"]
[EventType "team-swiss"]
[EventRounds "11"]
[EventCountry "CHN"]
[SourceTitle "EXT 2019"]
[Source "ChessBase"]
[SourceDate "2018.10.10"]
[SourceVersion "1"]
[SourceVersionDate "2018.10.10"]
[SourceQuality "1"]
[WhiteTeam "Chongqing Kowloon Kylin"]
[BlackTeam "Heilongjiang Chess and Cards"]
[WhiteTeamCountry "CHN"]
[BlackTeamCountry "CHN"]

1. e4 c5 2. Nf3 Nc6 3. Bb5 g6 4. Bxc6 dxc6 5. d3 Bg7 6. h3 Nf6 7. Nc3 Nd7 8.
Be3 e5 9. Qd2 h6 10. a3 Qe7 11. O-O Nf8 12. b4 Ne6 13. Na4 b6 14. c4 Nd4 15.
Qd1 O-O 16. bxc5 b5 17. cxb5 cxb5 18. Nc3 Qxc5 19. Nd5 Be6 20. Nxd4 exd4 21.
Bd2 a5 22. Nf4 Qd6 23. Qe1 Rfc8 24. Nxe6 Qxe6 25. f4 Qb3 26. Bxa5 Qxd3 27. Rf3
Qc2 28. Bb4 d3 29. e5 Bf8 30. Bxf8 d2 31. Qe2 1/2-1/2

[Event "CHN-chT2"]
[Site "Jiangmen"]
[Date "2018.07.16"]
[Round "10.3"]
[White "Hou, Yifan B"]
[Black "Li, Guohao"]
[Result "1-0"]
[WhiteElo "1838"]
[BlackElo "1903"]
[PlyCount "68"]
[EventDate "2018.07.10"]
[EventType "team-swiss"]
[EventRounds "11"]
[EventCountry "CHN"]
[SourceTitle "EXT 2019"]
[Source "ChessBase"]
[SourceDate "2018.10.10"]
[SourceVersion "1"]
[SourceVersionDate "2018.10.10"]
[SourceQuality "1"]
[WhiteTeam "Heilongjiang Chess and Cards"]
[BlackTeam "Jiangsu Reserve Talents"]
[WhiteTeamCountry "CHN"]
[BlackTeamCountry "CHN"]

1. d4 d5 2. Nf3 Nf6 3. c4 c6 4. e3 e6 5. Bd3 Nbd7 6. O-O dxc4 7. Bxc4 b5 8. Bd3
Bb7 9. Nc3 a6 10. b3 c5 11. Bb2 Be7 12. Qe2 O-O 13. Rfd1 cxd4 14. exd4 Nb6 15.
Ne4 Nxe4 16. Bxe4 Bxe4 17. Qxe4 Qd5 18. Qe2 Rac8 19. Rac1 a5 20. Qd2 Bb4 21.
Bc3 Rxc3 22. Rxc3 a4 23. Rdc1 h6 24. h3 axb3 25. axb3 Bxc3 26. Rxc3 b4 27. Re3
Qa5 28. Re1 Nd5 29. Ne5 Rc8 30. Nc4 Qa7 31. Nd6 Rd8 32. Ne4 Qb6 33. Rc1 Ne7 34.
Rc4 Nc6 1-0

[Event "RUS-CHN Junior m rapid"]
[Site "Belokurikha"]
[Date "2018.07.15"]
[Round "2"]
[White "Vitiugov, Nikita"]
[Black "Hou, Yifan"]
[Result "1/2-1/2"]
[WhiteElo "2734"]
[BlackElo "2658"]
[PlyCount "65"]
[EventDate "2018.07.15"]
[EventType "match (rapid)"]
[EventRounds "4"]
[EventCountry "RUS"]
[SourceTitle "CBM 185 Extra"]
[Source "ChessBase"]
[SourceDate "2018.07.29"]
[SourceVersion "1"]
[SourceVersionDate "2018.07.29"]
[SourceQuality "1"]

1. d4 d5 2. c4 e6 3. Nc3 Nf6 4. Bg5 Be7 5. e3 h6 6. Bh4 O-O 7. Nf3 Nbd7 8. Be2
dxc4 9. Bxc4 c5 10. O-O a6 11. a4 cxd4 12. Qxd4 b6 13. Rfd1 Bb7 14. Ne5 Nxe5
15. Qxe5 Qb8 16. Bg3 Qxe5 17. Bxe5 Rfd8 18. Be2 Bc5 19. Kf1 Kf8 20. Bf3 Bxf3
21. gxf3 Ke7 22. Ke2 Rac8 23. Rxd8 Kxd8 24. Rg1 Bf8 25. Bd4 Rc6 26. f4 Ne8 27.
Kd3 g6 28. Ne2 Bg7 29. b4 Bxd4 30. Nxd4 Rc7 31. h4 h5 32. b5 axb5 33. Nxb5
1/2-1/2

[Event "RUS-CHN Junior m rapid"]
[Site "Belokurikha"]
[Date "2018.07.15"]
[Round "3"]
[White "Hou, Yifan"]
[Black "Vitiugov, Nikita"]
[Result "0-1"]
[WhiteElo "2658"]
[BlackElo "2734"]
[PlyCount "126"]
[EventDate "2018.07.15"]
[EventType "match (rapid)"]
[EventRounds "4"]
[EventCountry "RUS"]
[SourceTitle "CBM 185 Extra"]
[Source "ChessBase"]
[SourceDate "2018.07.29"]
[SourceVersion "1"]
[SourceVersionDate "2018.07.29"]
[SourceQuality "1"]

1. e4 e5 2. Nf3 Nc6 3. Bb5 a6 4. Ba4 Nf6 5. O-O Be7 6. Re1 b5 7. Bb3 d6 8. c3
O-O 9. h3 Nb8 10. d4 Nbd7 11. Nbd2 Bb7 12. Bc2 Re8 13. Nf1 Bf8 14. Ng3 g6 15.
a4 Bg7 16. Bg5 h6 17. Bd2 Nb6 18. axb5 axb5 19. Bd3 Rxa1 20. Qxa1 c6 21. b3 Qc7
22. Qc1 Kh7 23. Be3 Bc8 24. Qc2 Bd7 25. Ra1 c5 26. d5 Rb8 27. Nd2 Qb7 28. f4
Nfxd5 29. exd5 Nxd5 30. Bf2 Nxf4 31. Bf1 f5 32. Ne2 Ne6 33. b4 Bc6 34. bxc5
dxc5 35. Nb3 Qe7 36. Ra6 Be4 37. Qa2 c4 38. Na5 Rc8 39. Qb2 Nc5 40. Qb4 Qc7 41.
Bxc5 Qxc5+ 42. Qxc5 Rxc5 43. Ra7 Bd3 44. Rd7 Kg8 45. Rd8+ Bf8 46. Kf2 Kf7 47.
g3 Rc7 48. Bg2 Bc5+ 49. Ke1 e4 50. Rd5 b4 51. cxb4 Bxb4+ 52. Kf2 Rc5 53. Rxc5
Bxc5+ 54. Kf1 Ke6 55. Nc6 Kd5 56. Nd8 c3 57. Ke1 Bb4 58. Nc1 c2+ 59. Kf2 Bc5+
60. Ke1 Bb4+ 61. Kf2 Kc4 62. Ke3 Kc3 63. Ne6 Ba3 0-1

[Event "RUS-CHN Junior m blitz"]
[Site "Belokurikha"]
[Date "2018.07.16"]
[Round "1"]
[White "Hou, Yifan"]
[Black "Vitiugov, Nikita"]
[Result "1-0"]
[WhiteElo "2658"]
[BlackElo "2734"]
[PlyCount "80"]
[EventDate "2018.07.16"]
[EventType "match (blitz)"]
[EventRounds "10"]
[EventCountry "RUS"]
[SourceTitle "CBM 185 Extra"]
[Source "ChessBase"]
[SourceDate "2018.07.29"]
[SourceVersion "1"]
[SourceVersionDate "2018.07.29"]
[SourceQuality "1"]

1. e4 c5 2. Nf3 e6 3. d4 cxd4 4. Nxd4 a6 5. Be2 Nf6 6. Nc3 Qc7 7. O-O Bc5 8.
Be3 d6 9. f3 e5 10. Kh1 exd4 11. Bxd4 Bxd4 12. Qxd4 Nc6 13. Qd2 Be6 14. Rad1
Rd8 15. f4 Qa5 16. Qe3 Qc5 17. Qg3 O-O 18. Qh4 Rfe8 19. Bd3 Bc4 20. g4 Bxd3 21.
cxd3 Ne7 22. g5 Nd7 23. Rf3 Ng6 24. Qh5 Ndf8 25. Nd5 Ne7 26. d4 Qc2 27. Nc3
Qxb2 28. Rg1 Nc6 29. Nd5 Qxd4 30. Nf6+ Kh8 31. Nxh7 Nxh7 32. f5 Qxe4 33. g6
fxg6 34. fxg6 Qxf3+ 35. Qxf3 Nf6 36. Rf1 Kg8 37. Qb3+ d5 38. Qxb7 Ne5 39. Rxf6
d4 40. Rf7 Nxf7 1-0

[Event "RUS-CHN Junior m blitz"]
[Site "Belokurikha"]
[Date "2018.07.16"]
[Round "2"]
[White "Vitiugov, Nikita"]
[Black "Hou, Yifan"]
[Result "1/2-1/2"]
[WhiteElo "2734"]
[BlackElo "2658"]
[PlyCount "112"]
[EventDate "2018.07.16"]
[EventType "match (blitz)"]
[EventRounds "10"]
[EventCountry "RUS"]
[SourceTitle "CBM 185 Extra"]
[Source "ChessBase"]
[SourceDate "2018.07.29"]
[SourceVersion "1"]
[SourceVersionDate "2018.07.29"]
[SourceQuality "1"]

1. d4 Nf6 2. c4 e6 3. Nf3 d5 4. Nc3 c5 5. e3 cxd4 6. exd4 Bb4 7. cxd5 Nxd5 8.
Bd2 O-O 9. Bd3 Be7 10. O-O Nc6 11. a3 Bf6 12. Be3 Nxc3 13. bxc3 b6 14. Qc2 g6
15. Be4 Bb7 16. Rad1 Na5 17. Bxb7 Nxb7 18. c4 Rc8 19. Qe2 Na5 20. d5 Qd7 21.
Bd4 Bxd4 22. Rxd4 exd5 23. cxd5 Rfe8 24. Qd3 Qd6 25. h4 Nb7 26. h5 Nc5 27. Qb1
Nd7 28. Qb2 Qf6 29. Qd2 Qd6 30. hxg6 hxg6 31. Qh6 Qf8 32. Qf4 Qg7 33. d6 Rc5
34. Qg4 Nf6 35. Qf4 Nd7 36. Rfd1 Rf5 37. Qd2 Qf6 38. Rd3 Kg7 39. Qc3 Rc5 40.
Qxf6+ Kxf6 41. Rd4 g5 42. Nd2 Rce5 43. Kf1 Kg7 44. Nc4 Re4 45. Ne3 Rxd4 46.
Rxd4 Kf6 47. Rd5 Rc8 48. a4 Ke6 49. Rxg5 Kxd6 50. Rf5 Ke6 51. a5 Rc5 52. axb6
axb6 53. Rf4 b5 54. Ke2 Nb6 55. Kd3 Nd5 56. Nxd5 Ke5 1/2-1/2

[Event "RUS-CHN Junior m blitz"]
[Site "Belokurikha"]
[Date "2018.07.16"]
[Round "3"]
[White "Hou, Yifan"]
[Black "Vitiugov, Nikita"]
[Result "1/2-1/2"]
[WhiteElo "2658"]
[BlackElo "2734"]
[PlyCount "73"]
[EventDate "2018.07.16"]
[EventType "match (blitz)"]
[EventRounds "10"]
[EventCountry "RUS"]
[SourceTitle "CBM 185 Extra"]
[Source "ChessBase"]
[SourceDate "2018.07.29"]
[SourceVersion "1"]
[SourceVersionDate "2018.07.29"]
[SourceQuality "1"]

1. e4 c5 2. Nf3 e6 3. d4 cxd4 4. Nxd4 a6 5. Bd3 Bc5 6. Nb3 Ba7 7. Qe2 Nc6 8.
Be3 d6 9. O-O e5 10. a4 Nf6 11. Bxa7 Rxa7 12. N1d2 O-O 13. Rfd1 Be6 14. Nc4 Ra8
15. a5 Qc7 16. Nb6 Rad8 17. Nd5 Bxd5 18. exd5 Ne7 19. c4 Nd7 20. Nd2 f5 21. b4
e4 22. Bc2 Ne5 23. Bb3 Kh8 24. f3 N7g6 25. fxe4 f4 26. Nf3 Nxf3+ 27. gxf3 Ne5
28. Kh1 Rf6 29. Rg1 Qe7 30. Rad1 Rh6 31. Qg2 Rg8 32. Rd2 Rg6 33. Qh3 Rh6 34.
Qg2 Rg6 35. Qh3 Rh6 36. Qg2 Rg6 37. Qh3 1/2-1/2

[Event "RUS-CHN Junior m blitz"]
[Site "Belokurikha"]
[Date "2018.07.16"]
[Round "5"]
[White "Hou, Yifan"]
[Black "Vitiugov, Nikita"]
[Result "0-1"]
[WhiteElo "2658"]
[BlackElo "2734"]
[PlyCount "76"]
[EventDate "2018.07.16"]
[EventType "match (blitz)"]
[EventRounds "10"]
[EventCountry "RUS"]
[SourceTitle "CBM 185 Extra"]
[Source "ChessBase"]
[SourceDate "2018.07.29"]
[SourceVersion "1"]
[SourceVersionDate "2018.07.29"]
[SourceQuality "1"]

1. e4 c5 2. Nf3 e6 3. d4 cxd4 4. Nxd4 a6 5. Nc3 b5 6. Be2 Bb7 7. O-O b4 8. Na4
Nc6 9. c3 Nf6 10. Nxc6 Bxc6 11. e5 Nd5 12. c4 Ne7 13. a3 Ng6 14. axb4 Bxb4 15.
Qd4 a5 16. Nc5 O-O 17. Ne4 Qb8 18. f4 Qb7 19. Bd3 Nh4 20. Qe3 Nf5 21. Qe2 Be7
22. Kh1 Nd4 23. Qe1 Nb3 24. Rb1 Nc5 25. Nxc5 Bxg2+ 26. Kg1 Bxc5+ 27. Be3 Bxe3+
28. Qxe3 Bxf1 29. Rxf1 g6 30. Rf2 Qa7 31. Qg3 Qd4 32. Bf1 Rfb8 33. Bg2 Ra7 34.
Qa3 Rc7 35. b3 Qc5 36. Qa2 Qb6 37. Qd2 Qxb3 38. Qd6 Qb6 0-1

[Event "RUS-CHN Junior m blitz"]
[Site "Belokurikha"]
[Date "2018.07.16"]
[Round "6"]
[White "Vitiugov, Nikita"]
[Black "Hou, Yifan"]
[Result "0-1"]
[WhiteElo "2734"]
[BlackElo "2658"]
[PlyCount "134"]
[EventDate "2018.07.16"]
[EventType "match (blitz)"]
[EventRounds "10"]
[EventCountry "RUS"]
[SourceTitle "CBM 185 Extra"]
[Source "ChessBase"]
[SourceDate "2018.07.29"]
[SourceVersion "1"]
[SourceVersionDate "2018.07.29"]
[SourceQuality "1"]

1. d4 e6 2. e4 d5 3. e5 c5 4. c3 Nc6 5. Nf3 Qb6 6. a3 Nh6 7. b4 cxd4 8. b5 Na5
9. Bxh6 gxh6 10. cxd4 Bd7 11. Nbd2 Rc8 12. a4 Bb4 13. Bd3 Rg8 14. O-O Bxd2 15.
Qxd2 Nb3 16. Qxh6 Nxa1 17. Bxh7 Rf8 18. Rxa1 a6 19. h4 axb5 20. axb5 Bxb5 21.
Rb1 Qa6 22. Qf6 Rc7 23. Ng5 Bd3 24. Bxd3 Qxd3 25. Ra1 Rc8 26. Nxe6 fxe6 27.
Qxe6+ Kd8 28. Qxd5+ Ke8 29. Qe6+ Kd8 30. Qd6+ Ke8 31. Qe6+ Kd8 32. Qd5+ Ke8 33.
Qxb7 Qc2 34. Rf1 Qc6 35. Qh7 Rc7 36. Qh5+ Rcf7 37. Re1 Rg8 38. g3 Qf3 39. Qxf3
Rxf3 40. Rd1 Rf4 41. Kf1 Re4 42. Rd3 Reg4 43. Ke2 Ke7 44. Kf3 Ke6 45. Ke3 Kd5
46. Ra3 Re4+ 47. Kf3 Rxd4 48. Ra5+ Ke6 49. Ke3 Rd5 50. Ra4 Rxe5+ 51. Kf3 Rf5+
52. Kg2 Rgf8 53. f4 Rc5 54. Kh3 Rc3 55. Ra6+ Kf5 56. Ra5+ Kf6 57. Ra6+ Kf7 58.
Ra7+ Kg6 59. Ra6+ Rf6 60. Ra5 Rxf4 61. Rg5+ Kh6 62. Kg2 Rf7 63. Ra5 Rg7 64.
Ra6+ Kh7 65. Kf2 Rcxg3 66. h5 Rh3 67. h6 Rxh6 0-1

[Event "RUS-CHN Junior m blitz"]
[Site "Belokurikha"]
[Date "2018.07.16"]
[Round "7"]
[White "Hou, Yifan"]
[Black "Vitiugov, Nikita"]
[Result "0-1"]
[WhiteElo "2658"]
[BlackElo "2734"]
[PlyCount "128"]
[EventDate "2018.07.16"]
[EventType "match (blitz)"]
[EventRounds "10"]
[EventCountry "RUS"]
[SourceTitle "CBM 185 Extra"]
[Source "ChessBase"]
[SourceDate "2018.07.29"]
[SourceVersion "1"]
[SourceVersionDate "2018.07.29"]
[SourceQuality "1"]

1. e4 c5 2. Nf3 e6 3. c3 d5 4. exd5 exd5 5. d4 Nc6 6. Be2 Nf6 7. O-O cxd4 8.
Nxd4 Bd6 9. Be3 O-O 10. Nd2 Re8 11. h3 h6 12. N2f3 a6 13. Qc2 Bc7 14. Rad1 Qd6
15. Nf5 Bxf5 16. Qxf5 Ne5 17. Nxe5 Rxe5 18. Qf4 Qe7 19. Qf3 Bb6 20. Bxb6 Rxe2
21. b3 Qe4 22. Qxe4 dxe4 23. a4 Rc8 24. c4 Rb2 25. Rb1 Rxb1 26. Rxb1 Nd7 27.
Bd4 f6 28. a5 Kf7 29. Kf1 Ke6 30. Ke2 Ne5 31. Ke3 f5 32. Bb6 Nd7 33. Bd4 Ne5
34. f3 exf3 35. gxf3 g5 36. f4 Nc6 37. Bc3 Rg8 38. fxg5 hxg5 39. Re1 Kf7 40.
Kf3 g4+ 41. hxg4 Rxg4 42. Rd1 Ke6 43. Re1+ Kd7 44. Rh1 Nd4+ 45. Bxd4 Rxd4 46.
Rh7+ Kc6 47. Rh6+ Kc7 48. Rh7+ Kc6 49. Rh6+ Kc7 50. Rh7+ Rd7 51. Rh5 Rd3+ 52.
Kf4 Rxb3 53. Rxf5 Rb4 54. Ke3 Rxc4 55. Kd3 Rc1 56. Rf7+ Kc6 57. Rf6+ Kd7 58.
Rf7+ Kc8 59. Rf8+ Kc7 60. Rf7+ Kb8 61. Rf8+ Ka7 62. Kd2 Rc5 63. Kd3 Rxa5 64.
Kc4 Rh5 0-1

[Event "RUS-CHN Junior m blitz"]
[Site "Belokurikha"]
[Date "2018.07.16"]
[Round "8"]
[White "Vitiugov, Nikita"]
[Black "Hou, Yifan"]
[Result "1/2-1/2"]
[WhiteElo "2734"]
[BlackElo "2658"]
[PlyCount "122"]
[EventDate "2018.07.16"]
[EventType "match (blitz)"]
[EventRounds "10"]
[EventCountry "RUS"]
[SourceTitle "CBM 185 Extra"]
[Source "ChessBase"]
[SourceDate "2018.07.29"]
[SourceVersion "1"]
[SourceVersionDate "2018.07.29"]
[SourceQuality "1"]

1. d4 Nf6 2. Bg5 c5 3. Bxf6 gxf6 4. d5 Qb6 5. Qc1 f5 6. c4 Bg7 7. Nc3 d6 8. e3
Nd7 9. Qc2 Ne5 10. Nh3 Bd7 11. Be2 Ng6 12. O-O O-O 13. Kh1 Qd8 14. Rad1 a6 15.
a3 Rb8 16. Bd3 e6 17. dxe6 fxe6 18. e4 f4 19. e5 Nxe5 20. Bxh7+ Kh8 21. Be4 Qe7
22. Qe2 f3 23. gxf3 Qh4 24. f4 Qxh3 25. Bg2 Qh6 26. fxe5 Bxe5 27. f4 Rxf4 28.
Rxf4 Bxf4 29. h3 Rg8 30. Rf1 Bc6 31. Ne4 Be5 32. b4 cxb4 33. axb4 Qh4 34. Re1
Rxg2 35. Kxg2 Qg3+ 36. Kf1 Qxh3+ 37. Qg2 Qf5+ 38. Kg1 Bd4+ 39. Kh2 Be5+ 40. Kg1
Bd4+ 41. Kh2 Qe5+ 42. Kh3 Qh5+ 43. Kg3 Be5+ 44. Kf2 Qh4+ 45. Kf1 Qf4+ 46. Kg1
Bd4+ 47. Kh1 Qh4+ 48. Qh2 Qxh2+ 49. Kxh2 Be5+ 50. Kh3 Kg7 51. Kg4 Kf7 52. c5
dxc5 53. Ng5+ Kf6 54. Nh7+ Kg7 55. Rxe5 Kxh7 56. Rxc5 Kg6 57. Kf4 Kf6 58. Rh5
Bd5 59. Rh6+ Ke7 60. Ke5 Kd7 61. Kd4 Kc6 1/2-1/2

[Event "RUS-CHN Junior m blitz"]
[Site "Belokurikha"]
[Date "2018.07.16"]
[Round "9"]
[White "Hou, Yifan"]
[Black "Vitiugov, Nikita"]
[Result "0-1"]
[WhiteElo "2658"]
[BlackElo "2734"]
[PlyCount "112"]
[EventDate "2018.07.16"]
[EventType "match (blitz)"]
[EventRounds "10"]
[EventCountry "RUS"]
[SourceTitle "CBM 185 Extra"]
[Source "ChessBase"]
[SourceDate "2018.07.29"]
[SourceVersion "1"]
[SourceVersionDate "2018.07.29"]
[SourceQuality "1"]

1. e4 c5 2. Nf3 e6 3. d4 cxd4 4. Nxd4 a6 5. c4 Nf6 6. Nc3 Bb4 7. Qd3 Qc7 8. Be2
d6 9. O-O O-O 10. a3 Bxc3 11. bxc3 Nbd7 12. Qc2 Nc5 13. f3 e5 14. Nf5 Be6 15.
Rd1 Bxf5 16. exf5 Rfd8 17. Be3 Rac8 18. Rd2 Qc6 19. Rad1 b6 20. Bg5 Nb7 21.
Bxf6 gxf6 22. f4 Na5 23. fxe5 Qc5+ 24. Kh1 Qxe5 25. Rd5 Qe3 26. R5d3 Qe5 27.
Qd2 Kh8 28. Re3 Qc5 29. Rh3 Rg8 30. Qh6 Rg7 31. Qxf6 Re8 32. Rg3 Qe5 33. Qxe5
Rxe5 34. Rxg7 Kxg7 35. Bd3 Rc5 36. Rb1 Nxc4 37. a4 a5 38. Kg1 Ne5 39. Be4 Rxc3
40. Rxb6 Rc4 41. Bd5 Rd4 42. Bb3 Kf6 43. Rb5 Kxf5 44. Rxa5 Kf4 45. Rd5 Rb4 46.
Bd1 Rb1 47. Kf2 Rb2+ 48. Kg1 Rb1 49. g3+ Ke4 50. Rxd6 Nc4 51. Rd8 Ne3 52. a5
Nxd1 53. a6 Ne3+ 54. Kf2 Rb2+ 55. Ke1 Kf3 56. Rd1 Re2# 0-1

[Event "CHN-chB"]
[Site "Jiangmen"]
[Date "2018.07.18"]
[Round "2"]
[White "Lin, Yi1"]
[Black "Hou, Yifan B"]
[Result "1-0"]
[WhiteElo "2371"]
[BlackElo "1838"]
[PlyCount "57"]
[EventDate "2018.07.18"]
[EventType "swiss"]
[EventRounds "11"]
[EventCountry "CHN"]
[SourceTitle "CBM 185 Extra"]
[Source "ChessBase"]
[SourceDate "2018.07.29"]
[SourceVersion "1"]
[SourceVersionDate "2018.07.29"]
[SourceQuality "1"]

1. d4 Nf6 2. c4 e6 3. g3 d5 4. Bg2 Be7 5. Nf3 O-O 6. Nc3 Nbd7 7. Qd3 a6 8. b3
h6 9. O-O Re8 10. Bb2 b6 11. e4 dxe4 12. Nxe4 Bb7 13. Nxf6+ Nxf6 14. Rad1 Qc8
15. Rfe1 c5 16. Ne5 cxd4 17. Bxd4 Bxg2 18. Kxg2 Bc5 19. Qf3 Bxd4 20. Rxd4 Qc5
21. Rf4 Qc7 22. Rxf6 gxf6 23. Qxf6 Qe7 24. Ng4 Qf8 25. Nxh6+ Kh7 26. Nxf7 Qg7
27. Qh4+ Kg8 28. Nh6+ Kf8 29. Qf4+ 1-0

[Event "Shenzhen op 1st"]
[Site "Shenzhen"]
[Date "2018.07.27"]
[Round "3"]
[White "Zou, Chen"]
[Black "Hou, Yifan B"]
[Result "1-0"]
[WhiteElo "2411"]
[BlackElo "1838"]
[PlyCount "55"]
[EventDate "2018.07.26"]
[EventType "swiss"]
[EventRounds "9"]
[EventCountry "CHN"]
[SourceTitle "CBM 185 Extra"]
[Source "ChessBase"]
[SourceDate "2018.07.29"]
[SourceVersion "1"]
[SourceVersionDate "2018.07.29"]
[SourceQuality "1"]

1. Nf3 Nf6 2. c4 c5 3. Nc3 Nc6 4. g3 d6 5. Bg2 g6 6. d4 cxd4 7. Nxd4 Bd7 8.
Nxc6 Bxc6 9. e4 Bg7 10. O-O O-O 11. Be3 Nd7 12. Rc1 b6 13. Qe2 Rc8 14. Rfd1 Qc7
15. Nd5 Bxd5 16. cxd5 Qb7 17. Bh3 Rxc1 18. Rxc1 Nc5 19. Qc2 a5 20. b3 Re8 21.
a3 a4 22. bxa4 Ra8 23. Bf1 e6 24. Bc4 b5 25. axb5 Rxa3 26. dxe6 Rc3 27. exf7+
Kf8 28. Qxc3 1-0

[Event "Shenzhen op 1st"]
[Site "Shenzhen"]
[Date "2018.07.28"]
[Round "6"]
[White "Hou, Yifan B"]
[Black "Zhao, Yuanhe"]
[Result "0-1"]
[WhiteElo "1838"]
[BlackElo "2361"]
[PlyCount "142"]
[EventDate "2018.07.26"]
[EventType "swiss"]
[EventRounds "9"]
[EventCountry "CHN"]
[SourceTitle "CBM 185 Extra"]
[Source "ChessBase"]
[SourceDate "2018.07.29"]
[SourceVersion "1"]
[SourceVersionDate "2018.07.29"]
[SourceQuality "1"]

1. d4 Nf6 2. Nf3 g6 3. c4 Bg7 4. g3 d5 5. Bg2 dxc4 6. Qa4+ Nbd7 7. Qxc4 Nb6 8.
Qc2 Bf5 9. Qd1 c5 10. O-O cxd4 11. Qxd4 Qxd4 12. Nxd4 Be4 13. Nc3 Bxg2 14. Kxg2
O-O 15. Rd1 Rfd8 16. Bg5 h6 17. Bxf6 Bxf6 18. e3 Bxd4 19. Rxd4 Rxd4 20. exd4
Nc4 21. b3 Nd6 22. Kf3 Rc8 23. Nd5 Nf5 24. Rd1 Rd8 25. Ke4 Nd6+ 26. Ke3 Nb5 27.
Nb4 Rc8 28. Rd2 Na3 29. Nd3 Kg7 30. Ne5 f6 31. Nd3 Kf7 32. Ke4 Nb1 33. Rb2 Nc3+
34. Kf3 Rd8 35. Rc2 Nb5 36. Ke3 Nxd4 37. Rc7 Ne6 38. Rc1 g5 39. Rc4 Rd5 40. b4
b6 41. Ke4 Rd7 42. b5 h5 43. h3 Rc7 44. Ra4 Nd8 45. Nb4 Nb7 46. Nd3 Nd6+ 47.
Ke3 Nxb5 48. f4 Nc3 49. Ra3 g4 50. hxg4 hxg4 51. f5 Nb5 52. Ra4 Nd6 53. Kf4 b5
54. Rd4 Rc2 55. a4 Rc4 56. Rxc4 bxc4 57. Nb4 e6 58. Kxg4 Nxf5 59. Kf4 Nd4 60.
Ke4 e5 61. a5 Ke6 62. g4 c3 63. Kd3 c2 64. Kd2 Nb3+ 65. Kxc2 Nxa5 66. Kd3 Nb7
67. Na6 Kd6 68. Ke4 Nc5+ 69. Nxc5 Kxc5 70. Kf5 Kd4 71. Kxf6 e4 0-1

[Event "Shenzhen op 1st"]
[Site "Shenzhen"]
[Date "2018.07.30"]
[Round "9"]
[White "Ma, Ling"]
[Black "Hou, Yifan B"]
[Result "1/2-1/2"]
[WhiteElo "2180"]
[BlackElo "1838"]
[PlyCount "45"]
[EventDate "2018.07.26"]
[EventType "swiss"]
[EventRounds "9"]
[EventCountry "CHN"]
[SourceTitle "CBM 185 Extra"]
[Source "ChessBase"]
[SourceDate "2018.07.29"]
[SourceVersion "1"]
[SourceVersionDate "2018.07.29"]
[SourceQuality "1"]

1. Nf3 Nf6 2. g3 d5 3. Bg2 g6 4. d3 Bg7 5. O-O O-O 6. Nbd2 Nbd7 7. e4 dxe4 8.
dxe4 e5 9. b3 Re8 10. Qe2 b6 11. Rd1 Bb7 12. Bb2 Qe7 13. a4 a5 14. Ne1 Ba6 15.
Qf3 Rad8 16. Ba3 Qe6 17. Bf1 Bxf1 18. Kxf1 Nb8 19. Nd3 Nc6 20. c3 Ng4 21. Kg2
f5 22. Qe2 Nf6 23. f3 1/2-1/2

[Event "Da Qing U20 op-A"]
[Site "Da Qing"]
[Date "2019.01.21"]
[Round "3"]
[White "Huang, Renjie"]
[Black "Hou, Yifan B"]
[Result "1-0"]
[WhiteElo "2351"]
[BlackElo "1845"]
[PlyCount "71"]
[EventDate "2019.01.20"]
[EventType "swiss"]
[EventRounds "9"]
[EventCountry "CHN"]
[SourceTitle "CBM 188 Extra"]
[Source "ChessBase"]
[SourceDate "2019.02.26"]
[SourceVersion "1"]
[SourceVersionDate "2019.02.26"]
[SourceQuality "1"]

1. e4 e5 2. Nf3 Nf6 3. Nxe5 d6 4. Nf3 Nxe4 5. Nc3 Nf6 6. d4 d5 7. Bd3 Bd6 8.
Nb5 Bg4 9. Nxd6+ Qxd6 10. Qe2+ Qe7 11. Qxe7+ Kxe7 12. Ne5 Be6 13. b3 Nbd7 14.
Ba3+ Kd8 15. f4 Nxe5 16. dxe5 Ne4 17. O-O f5 18. exf6 Nxf6 19. Rfe1 Re8 20. f5
Bd7 21. Rxe8+ Nxe8 22. Re1 a5 23. Be7+ Kc8 24. g4 h6 25. h4 b5 26. g5 hxg5 27.
hxg5 Ra6 28. a4 Rb6 29. axb5 Nd6 30. Bxd6 Rxd6 31. Re7 Kd8 32. Rxg7 Ke8 33. f6
Kf8 34. Kf2 c5 35. bxc6 Bxc6 36. Ra7 1-0